Matches de l'équipe d'Australie de rugby à XV (2020 - …). - Statistiques

Statistiques générales
  • Ce quiz a été pris 178 fois
    23 depuis la dernière actualisation
  • Le résultat moyen est 13 sur 14
Statistiques - réponses
Matches % Correct
6 France
100%
9 Afrique du Sud
96%
2 Fidji
96%
3 Irlande
96%
2 Italie
96%
15 Nouvelle-Zélande
96%
6 Pays de Galles
96%
6 Angleterre
91%
11 Argentine
91%
2 Géorgie
91%
1 Portugal
91%
3 Écosse
87%
2 Japon
70%
3 Lions Britanniques et Irlandais
61%
Aucun quiz correspondant
Distribution des résultats
% des personnes avec chaque résultat
Percentile par nombre de réponses
Votre historique - résultats
Vous n’avez pas pris ce quiz depuis la dernière actualisation